banner-ar

دليل الدوائر الالكترونية : (Record no. 54208)

MARC details
000 -الفاتح
حقل البيانات ثابتة الطول 00829nam a2200205Ia 4500
005 - وقت وتاريخ اخر تعامل مع التسجيلة
رقم الضبط 20240530105233.0
008 - عناصر البيانات ثابتة الطول - معلومات عامة
حقل البيانات ثابتة الطول 140319s9999 xx 000 0 ara d
040 ## - مصدر الفهرسة
وكالة الفهرسة الأصلية GCL /
وكالة النسخ GCL
082 04 - رقم تصنيف ديوى العشرى
رقم التصنيف 621.38173/
رقم المادة ت د
100 1# - المدخل الرئيسى - إسم شخصى
الإسم الشخصى تولى، مايكل
245 10 - بيان العنوان
العنوان دليل الدوائر الالكترونية :
بقية العنوان تصميمها . اختبارها . تركيبها /
بيان المسئوليه,etc تاليف مايكل تولى ؛ ترجمة شركة سراب للمشاريع التقنية
260 ## - PUBLICATION, DISTRIBUTION, ETC. (IMPRINT)
تاريخ النشر أو التوزيع .1990
300 ## - الوصف المادى
التعداد 335 ص. ؛
أبعاد الوعاء 24 سم.
650 04 - المدخل الاضافى بالموضوع-مصطلح موضوعى
مصطلح موضوعي الهندسة الالكترونية
650 04 - المدخل الاضافى بالموضوع-مصطلح موضوعى
مصطلح موضوعي الدوائر
650 04 - المدخل الاضافى بالموضوع-مصطلح موضوعى
مصطلح موضوعي الدوائر الالكترونية
710 #0 - المدخل الاضافى - اسم هيئه
اسم الهيئة أو اسم السلطة كمدخل شركة سراب للمشاريع التقنية
الدور مترجم
942 ## - عناصر المدخل الإضافي( كوها)
مصدر التصنيف او مخطط الترفيف Dewey Decimal Classification
Koha [default] item type كتاب
260 ## - PUBLICATION, DISTRIBUTION, ETC. (IMPRINT)
-- بيروت :
-- الدار العربية للعلوم ،
Holdings
حالة التراجع حالة الفقد حالة تلف ليس للاعارة المكان المؤقت الموقع الحالى تاريخ الاكتساب اجمالي اﻻعارات رقم الطلب الباركود تاريخ اخر مشاهدة تاريخ تفعيل السعر نوع وعاء كوها
        مكتبة القاهرة الكبرى مكتبة القاهرة الكبرى 03/26/2014   621.38173\ت د 130419 03/26/2014 03/26/2014 كتاب
        مكتبة القاهرة الكبرى مكتبة القاهرة الكبرى 03/26/2014   621.38173\ت د 130420 03/26/2014 03/26/2014 كتاب

Powered By

EGPV